00565nam a2200157 a 4500008004100000020001800041050001600059100002700075245012700102260003800229300002100267490004400288650002000332700002700352700002800379130911s2011 ||||||||||||||||| || u a9781868918485 aLC 5215 Naf aLam, Mungania Penina K10aManagement of adult education organisations in Africacby Fredrick Muyia Nafukho, Nelson HW Wawire and Penina Mungania Lam aHamburg:bPearson Educationc2011 axxi, 226p.: ill. aAfrican perspectives on adult learning  aADULT EDUCATION aWawire, Nelson H. Were aNafukho, Fredrick Muyia